00657nam a2200157 a 450000100100000000500170001000800410002702000180006804000250008608200140011124501810012526000430030630000210034995201120037099900170048200004061320201002034242.0130903s2007 dr a 000 0 spa d a9789945443066 aDO-SdBNPbspacBNPHU axxxxbxxx00aDocumentos del seminario sobre metas de inflación y mecanismos de transmisión de la política monetaria :b16 y 17 de marzo de 2006, Santo Domingo, República Dominicana. aSanto Domingo :bBanco Central,c2007. a188 p. ;c23 cm. 0010718PDaPDbPDcCTd2013-09-03iLF1l0oxxxx xxxp40613-10r2020-06-25w2020-06-25yLFPDZNo se presta c40103d40103